| 000 | 00877cam a2200217 4500 | ||
|---|---|---|---|
| 001 | WB3921-21 | ||
| 008 | 030603n2003 000 0 eng u | ||
| 035 | _a(Sirsi) u122501 | ||
| 245 | _aFarm land mapping error | ||
| 260 | _c2003 | ||
| 490 |
_aSouth East Farmer _vMay 2003, 5(1) |
||
| 520 | _aAn organic farmer in Kent has won an appeal over the wrongly marking of his land on Countryside Agency public access maps. The case has set a precedent forcing the agency to consider the circumstances of organic as well as conventional farmers. The land had been incorrectly identified initially as it was based on aerial photographs rather than site visits. | ||
| 590 | _aWB | ||
| 650 | _aCOUNTRYSIDE AND RIGHTS OF WAY ACT 2000 | ||
| 650 | _aMAPPING | ||
| 650 | _aORGANIC FARMING | ||
| 650 | _aACCESS | ||
| 650 | _aRIGHTS OF WAY | ||
| 690 |
_aRural _96268 |
||
| 942 | _n0 | ||
| 999 |
_c72804 _d72804 |
||